000 00471nam a2200181Ia 4500
005 20250326125414.0
008 250326s9999 xx 000 0 und d
037 _aTextbook
040 _aFMSL
_beng
_cFMSL
041 _aeng
_2eng
084 _aY K7
_qFMSL
100 _aMerton R K
_9121026
245 0 _aSocial theory and social structure
_cMerton R K
260 _aNY
_bNY, Free
_c1967
300 _a656p
942 _cTB
_hY K7
999 _c1277919
_d1277919